000 00374nam a2200145 a 4500
005 20140412111328.0
008 110127s19uu xx 00 eng d
020 _a0-7329-1888-x
050 _aTR(GS 002
_bT361 1993
100 _aThomas, Ron
245 _aA Book about books /
_cRon Thomas.
260 _aAustralia :
_bMacmillan,
_c1993.
300 _a16p.
999 _c104775
_d104775